00780nam a22001937a 4500003000400000005001700004008004100021040001300062041000800075082001700083100003600100245012500136260004600261300006600307490002500373500005000398650009900448650003900547OSt20231002190037.0231002b ||||| |||| 00| 0 spa d cCO-MqBPB aspa a860.66bE76h aEspinosa, Germán,d1938-2007. a Homenaje 100 años de azul; Conferencia El modernismo: apertura de Latinoamérica a lo universal /cGermán Espinosa aBogotá :bCasa de Poesía Silva,c1988 a2 compact disc son.b(57:02 ; 30:02 min.) : digital ;c12 cm. aVoces para el tiempo a Conferencia realizada el 21 de Junio de 1988 a Darío, Rubén, 1867-1916. Azúl xCrítica e interpretación Literatura latinoamericana aHistoria y críticaxCompact disc